LEADER 01101nam a2200277 i 4500 001 000000165352 003 CaOOAMICUS 005 20071015000000.0 008 071015s1989 it u000 u ita u 013 $a142720 020 $a88-18-58021-3 040 $aSeMil$bita 100 1 $aChase-Riboud, Barbara.$0(OLS)http://semarc/name/42076 240 10$aEcho of Lions.$0(OLS)http://semarc/title/236069 245 10$aE ruggivano ancora :$bromanzo /$cBarbara Chase-Riboud ; [Traduzione dall'inglese di Maurizio Donati ]. 260 $aMilano :$bRusconi,$cCopyr. 1989. 300 $a262 p. :$bill. ;$c24 cm. 500 $aFondo Card. Giovanni Colombo. 700 1 $aDonati, Maurizio.$0(OLS)http://semarc/name/62410 850 $aSeMil 852 $aSeMil$W1$xVenegono$y1$m1U V 9$j116546$B116546$CSeMilBibl$Z2$F128549 $81 941 1 $a3 961 $aLascito: Colombo Card. Giovanni 996 $6020$a88-18-58021-3$9(OLS)http://semarc/number/151712 996 $6245$aE ruggivano ancora :$bromanzo$9(OLS)http://semarc/title/236068 996 $6260$aMilano :$bRusconi$9(OLS)http://semarc/publisher/30258 LEADER 00949nam a2200193 i 4500 001 000000237427 003 CaOOAMICUS 005 20141224000000.0 008 141224s1751 it u000 u ita u 013 $a216332 026 $ae-a- mohe nan- saav (3) 1751 (R) 040 $aSeMil$bita 245 10$aTomo ottavo contenente la quinta parte della storia del quarto secolo della chiesa. 300 $a[16], 456 p. 500 $aSegn. : a-b4 A-3L4. 773 0 $aOrsi, Giuseppe Agostino $tDella istoria ecclesiastica descritta da F. Giuseppe Agostino Orsi dell'ordine de'predicatori ... Tomo 1. [-21.].$dIn Roma : Nella stamperia di Pallade appresso Niccolò e Marco Pagliarini, 1747-1762.$g8$w()31192 850 $aSeMil 852 $aSeMil$W1$xVenegono$y1$m3C IV 107 FA$j187773$B187773$CSeMilBibl$Z2$F198681 $8I 996 $6245$aTomo ottavo contenente la quinta parte della storia del quarto secolo della chiesa$9(OLS)http://semarc/title/338433